| 000 | 01084cam a2200301 i 4500 | ||
|---|---|---|---|
| 001 | 52822 | ||
| 003 | Mx-PuUPA | ||
| 005 | 20241119154732.0 | ||
| 008 | 140415s2000 mx a fr 000 0 mul d | ||
| 040 |
_aMx-PuUPA _bspa _cMx-PuUPA _dMx-PuUPA _erda |
||
| 041 | 0 |
_aspa _anah |
|
| 100 | 1 |
_aValeriano, Antonio, _dapproximately 1520-1605 _eautor _9308 |
|
| 245 | 1 | 0 |
_aNican Mopohua / _cAntonio Valeriano ; traducción del náhuatl al castellano |
| 250 | _a1a. edición | ||
| 264 | 1 |
_aMéxico : _bCentro de Estudios Guadalupanos, _c1978 |
|
| 300 |
_a48 páginas ; _c24 cm |
||
| 336 |
_2rdacontent _atexto _btxt |
||
| 337 |
_2rdamedia _asin media _bn |
||
| 338 |
_2rdacarrier _avolumen _bnc |
||
| 600 | 0 | 4 |
_aVirgen de Guadalupe _x Apariciones y milagros |
| 600 | 0 | 4 |
_aVirgen _xCulto _xHistoria |
| 650 | 7 |
_aCatolicismo _zMéxico _xHistoria _2armarc |
|
| 700 | 1 |
_aRojas Sánchez, Mario, _etraductor _910764 |
|
| 942 |
_2ddc _cLI _h232.917 _iV135 |
||
| 999 |
_c52822 _d52822 |
||